Statistics for Guess the BTS member

Click here to take the quiz!

General Stats

  • This quiz has been taken 7,212 times
  • The average score is 7 of 7

Answer Stats

HintAnswer% Correct
His real name is TaehyungV
100%
He is the sunshine of the groupJ-Hope
100%
"Insfires maaan , yea"Suga
100%
The shortest of the groupJimin
100%
The youngest of the groupJungkook
99%
The oldest of the groupJin
99%
IQ 148RM
97%

Score Distribution

Percentile by Number Answered

Percent of People with Each Score

Your Score History

You have not taken this quiz